Guess the Fusion Rock Song Lyrics #38 - Statistics

General Stats
  • This quiz has been taken 14 times
  • The average score is 168 of 317
Answer Stats
Answer % Correct
I
100%
a
92%
and
83%
And
83%
the
83%
you
83%
You
83%
heart
75%
in
75%
me
75%
be
67%
Be
67%
Who
67%
Do
67%
do
67%
if
67%
If
67%
is
67%
it
67%
It
67%
Kenny Loggins
67%
No
67%
to
67%
up
67%
what
67%
Who
67%
Can't
58%
Don't
58%
don't
58%
give
58%
got
58%
Got
58%
I'm
58%
it's
58%
It's
58%
just
58%
Just
58%
let
58%
like
58%
Oh
58%
Why
58%
your
58%
alright
50%
beatin
50%
bout
50%
But
50%
fight
50%
Get
50%
get
50%
gonna
50%
gotta
50%
listen
50%
Listen
50%
mood
50%
Nobody
50%
nobody
50%
worry
50%
Isn't
42%
life
42%
own
42%
Own
42%
They're
42%
too
42%
want
42%
Well
42%
while
42%
attention
33%
business
33%
Everybody
33%
everybody's
33%
feel
33%
game
33%
gimme
33%
good
33%
magistrate
33%
Making
33%
mind
33%
nobody's
33%
now
33%
Pay
33%
boom
25%
Doin
25%
easy
25%
gotcha
25%
mystery
25%
really
25%
right
25%
Some
25%
wanna
25%
ya
25%
away
17%
disagree
17%
makes
17%
man
17%
naturally
17%
ball
8%
cannonball
8%
catch
8%
Cinderella
8%
Dip
8%
dip
8%
job
8%
kid
8%
later
8%
movin
8%
tonight
8%
No matching quizzes found
Score Distribution
Percent of People with Each Score
Percentile by Number Answered
Your Score History
You have not taken this quiz